El derecho romano /

Bibliographic Details
Main Author: Villey, Michel (Author)
Other Authors: Agurto Gonzáles, Carlos Antonio (Editor), Quequejana Mamani, Sonia Lidia (Editor), Choque Cuenca, Benigno (Editor), Lafitte de Juncal, Martha (Translator), Juncal, Julio Ángel (Translator)
Format: Electronic eBook
Language:Spanish
French
Published: Santiago, Chile : Ediciones Olejnik, [2017]
Series:Biblioteca de derecho global.
Subjects:
Online Access:Digitalia Hispánica

MARC

LEADER 00000nam a2200000Ii 4500
001 DIGOLEJNK1131
003 NyNyDIG
006 m o d
007 cr |||||||||||
008 221013s2017 cl ob 000 0 spa d
035 |a (OCoLC)1350509514 
040 |a DGITA  |b eng  |e rda  |e pn  |c DGITA 
020 |z 9789563920222 
041 1 |a spa  |h fre 
050 1 4 |a KJA147 ebook 
100 1 |a Villey, Michel,  |e author. 
240 1 0 |a Droit romain.  |l Spanish  |s (Lafitte de Juncal and Juncal) 
245 1 3 |a El derecho romano /  |c Michel Villey ; edición al cuidado de Carlos Antonio Agurto Gonzáles, Sonia Lidia Quequejana Mamani, Benigno Choque Cuenca ; traducida de la cuarta edición, 1960, por Martha Lafitte de Juncal y Julio Ángel Juncal. 
264 1 |a Santiago, Chile :  |b Ediciones Olejnik,  |c [2017] 
300 |a 1 online resource. 
336 |a text  |b txt  |2 rdacontent 
337 |a computer  |b c  |2 rdamedia 
338 |a online resource  |b cr  |2 rdacarrier 
347 |a text file  |2 rdaft 
347 |b PDF 
490 1 |a Biblioteca de derecho global 
504 |a Includes bibliographical references. 
588 0 |a Online resource; title from PDF title page (Digitalia, viewed October 13, 2022) 
650 0 |a Roman law. 
655 0 |a Electronic books. 
700 1 |a Agurto Gonzáles, Carlos Antonio,  |e editor. 
700 1 |a Quequejana Mamani, Sonia Lidia,  |e editor. 
700 1 |a Choque Cuenca, Benigno,  |e editor. 
700 1 |a Lafitte de Juncal, Martha,  |e translator. 
700 1 |a Juncal, Julio Ángel,  |e translator. 
700 1 |i Translation of:  |a Villey, Michel.  |t Droit romain. 
791 2 |a Digitalia (Firm),  |e distributor. 
793 0 |g Digitalia eBook Collection:  |a Ediciones Olejnik 
776 0 8 |i Print version:  |a Villey, Michel.  |s Droit romain. Spanish (Lafitte de Juncal and Juncal).  |t Derecho romano.  |b Primera edición.  |d Santiago, Chile : Ediciones Olejnik, 2017  |z 9789563920222 
830 0 |a Biblioteca de derecho global. 
856 4 0 |3 Digitalia Hispánica  |u https://www.digitaliapublishing.com/a/105316/ 
910 |a Premium collection: 2022